000 00758nam a22001937a 4500
005 20240710122637.0
008 090826t xxu||||| |||| 00| 0 eng d
010 _aENG-140811
020 _a9789354497889
_c610.00
035 _aEN-124343
037 _bDBAD
082 _a330.954
_22nd
100 _963720
_aMahajan, M. Madhur
245 _aIndian Economy/
_bBy Madhur M. Mahajan,
260 _bby Person India Education Services Pvt. Ltd,CIN: U72200TN2005PTC057128.
_aUttar Pradesh
_c2022
270 _a15th Floor,Tower-B,World Trade Tower,PlotNo.1,Block-C,Sector16,Noida201 301,
_bUttar Pradesh
_e201 302
_k044-66540100
300 _a695pg:
_c25cm(pb)
942 _2ddc
_cEN
_h330.954
_e2nd
_mMAH
999 _c204016
_d204016